000 01064nam0a22002531i 4500
001 rc\91387
005 20240726102721.0
035 _a(NLR Aleph) 008773237
090 _a7936963
_c7936963
100 _a20021216d1991 u |0rusy50 ca
101 0 _arus
102 _aRU
105 _aa |||||||||
200 1 _aСистема информационного обеспечения советской физической культуры
_e(Социал.-пед. аспект)
_eАвтореф. дис. на соиск. учен. степ. д-ра пед. наук
_e(13.00.04; 22.00.06)
_fГос. ин-т физ. культуры им. П.Ф. Лесгафта
210 _aЛ.
_d1991
215 _a47 с.
_cсхем.
320 _aБиблиогр.: с. 44-47 (33 назв.)
606 1 _aИнформация научная в спорте
_2nlr_sh1
700 1 _aФилиппов
_bС.С.
_gСергей Сергеевич
801 0 _aRU
_bNLR
_gpsbo
801 1 _aRU
_bELAR
_2rusmarc
801 2 _aRU
_bNLR
_c20050425
_2rusmarc
852 _aNLR
_jА91/10745
942 _cBOOK